Регионална библиотека "Любен Каравелов" - Русе

Обща биология (Запис номер 57044)

MARC детайли
000 -Лидер
Контролно поле с фиксирана дължина nam a22 a 4500
003 - Код на организацията, давaща контролен номер
Контролно поле BLK
005 - Дата и час на последна редакция
Контролно поле 20220804100141.0
008 - Елементи от данни с фиксирана дължина
fixed length control field 180408b bul|||||r ||||||| ||bul||
010 ## - Наследен системен номер
LC control number KNG00061033000
040 ## - Източник на каталожния запис
Идентификатор на билиотеката - собственик на записа BLK
041 ## - Код за език
Код за езика на текст/звукозапис или на отделно заглавие Български
Код за езика КДБФ Български
080 ## - УДК
Текстов определител УДК Биологични науки
УДК код - определител по УДК 57
УДК определител (075.8)
УДК - код + определител 57(075.8)
100 1# - Редна дума - Автор
Автор Ламбрев, Живко
Авторска отговорност първи автор
R(LIN) 287299
139 ## - Редно поле
Редна дума Ламбрев, Живко
Авторски знак Лам - Л 18
245 10 - Сведения за заглавието
Заглавие Обща биология
Редно поле (дума) Живко Ламбрев.
257 ## - Страна на издаване
Страна на създаване/издаване България
260 ## - Област на издателските данни
Име на издателя, разпространителя и проч. Наука и изкуство
Година на издаване 1973
Печатница Ямбол : Г. Димитров
Място на издаване, разпространение и проч. София
300 ## - Физическа характеристика
Страници 382 с.
Размери/Мащаб 22 см
380 ## - Жанр
Жанр Естествени науки. Математика
500 ## - Общи забележки
Забележка Библиогр. с. 366-367 ; Азб. показалец
650 #4 - Допълнително описание по предмет – тема
Основно описание – тема или топоним Биология - учебници за ВУЗ
9 (RLIN) 246532
852 ## - Местоположение
Форматна сигнатура Цб 68633
856 4# - Електронен адрес и достъп
Електронен формат pdf - файл
856 4# - Електронен адрес и достъп
Електронен формат pdf - файл
999 ## - СИСТЕМНИ КОНТРОЛНИ НОМЕРА
Koha biblionumber 57044
Koha biblioitemnumber 57044
942 ## - АРТИКУЛИ
Вид на библиотечния материал Книги
Скрит в OPAC Не
Периодичен библиозапис Да
944 ## - СЪЗДАВАНЕ И РЕДАКЦИЯ на ЗАПИСА
Създаване/Редакция Създаване
Дата на регистрацията/редакция 13.06.2004
Служител, извършил регистрацията/редакцията Читалня
944 ## - СЪЗДАВАНЕ И РЕДАКЦИЯ на ЗАПИСА
Създаване/Редакция Редакция
Дата на регистрацията/редакция 25.08.2015
999 ## - СИСТЕМНИ КОНТРОЛНИ НОМЕРА
Koha biblioitemnumber 57044
Наличности
Код за отписване Код за изгубен артикул Източник на класификационната схема Код за повреда Коз за рестрикции Код за отдаване Артикулен № Име на библиотеката - собственик Име на библиотеката, в която се намира в момента Статус (Текущо местоположение) Дата на вписване в системата Местоположение - отдел Цена в лева Инвентарен номер Систематично азбучна сигнатура Баркод Номер на екземпляра Цена в евро Служебна бележка Служебен тип на артикула Бележка за публиката
  Не е изгубен Universal Decimal Classification Не е повреден без рестрикции ползва се в читалня 91663 Регионална библиотека "Любен Каравелов" Русе Регионална библиотека "Любен Каравелов" Русе Читалня 1993-01-01 Читалня 1.74 145616 Ч 57/Л 18 120000145616 1 0.89 Дата инв: 16.03.2017 Бележки инв: Ч2017 Книги  
Изтеглен Не е изгубен   Не е повреден без рестрикции заемане за дома 91664 Регионална библиотека "Любен Каравелов" Русе Регионална библиотека "Любен Каравелов" Русе   1973-01-01 Заемна - подръчен фонд 1.74 142376 П 57/Л 18 142376 2 0.89 Дост: Pk Вид: Ф N: стар фонд Дата: 01.01.1973 Книги Отч.N: 21/18 , Дата: 26.03.2018
Изтеглен Не е изгубен   Не е повреден без рестрикции заемане за дома 91665 Регионална библиотека "Любен Каравелов" Русе Регионална библиотека "Любен Каравелов" Русе   1973-01-01 Заемна - подръчен фонд 1.74 142377 П 57/Л 18 142377 3 0.89 Дост: Pk Вид: Ф N: стар фонд Дата: 01.01.1973 Книги Отч.N: 21/18 , Дата: 26.03.2018
Изтеглен Не е изгубен   Не е повреден без рестрикции заемане за дома 91666 Регионална библиотека "Любен Каравелов" Русе Регионална библиотека "Любен Каравелов" Русе   1973-01-01 Заемна - подръчен фонд 1.74 145614 П 57/Л 18 145614 4 0.89 Дост: Pk Вид: Ф N: стар фонд Дата: 01.01.1973 Книги Отч.N: 21/18 , Дата: 26.03.2018
Изтеглен Не е изгубен   Не е повреден без рестрикции заемане за дома 91667 Регионална библиотека "Любен Каравелов" Русе Регионална библиотека "Любен Каравелов" Русе   1973-01-01 Заемна - подръчен фонд 1.74 145615 П 57/Л 18 145615 5 0.89 Дост: Pk Вид: Ф N: стар фонд Дата: 01.01.1973 Книги Отч.N: 21/18 , Дата: 26.03.2018
  Не е изгубен Universal Decimal Classification Не е повреден само за читалня ползва се в читалня 91668 Регионална библиотека "Любен Каравелов" Русе Регионална библиотека "Любен Каравелов" Русе Хранилище 1973-01-01 Хранилище 1.74 140733 Цб 68633 120000140733 6 0.89 Дост: Dp Вид: Д N: стар фонд Дата: 01.01.1973 Книги  
Vip Innovations Ltd, Rousse, Bulgaria 2025